书目信息 |
| 题名: |
隔断与艺术玻璃
|
|
| 作者: | 王君 主编 ;毛丹 编著 | |
| 分册: | ||
| 出版信息: | 郑州 中原农民出版社 2004.02 |
|
| 页数: | 50页 | |
| 开本: | 29cm | |
| 丛书名: | 缤纷装饰丛书 | |
| 单 册: | ||
| 中图分类: | TU241-64 | |
| 科图分类: | ||
| 主题词: | 住宅--隔墙--室内装饰--图集 | |
| 电子资源: | ||
| ISBN: | 7-80641-711-7 | |
| 000 | 00897nam 2200253 450 | |
| 001 | 0951953016 | |
| 005 | 20091101142620.04 | |
| 010 | @a7-80641-711-7@dCNY23.00 | |
| 100 | @a20051020d2004 km y0chiy0120 ea | |
| 101 | 0 | @achi |
| 102 | @aCN@b410000 | |
| 105 | @aa z 000yy | |
| 200 | 1 | @a隔断与艺术玻璃@Age duan yu yi shu bo li@f王君主编@Fwang jun zhu bian@g毛丹等编著@Gmao dan deng bian zhu |
| 210 | @a郑州@c中原农民出版社@d2004.02 | |
| 215 | @a50页@c彩图@d29cm | |
| 225 | 2 | @a缤纷装饰丛书 |
| 330 | @a本册书把居室按空间功能划分为客厅、餐厅、客厅与餐厅、书房、卧室、厨房、卫浴间、走廊、仿古九大部分,并分别对这九大块的隔断从装饰设计的角度进行详细讲述。 | |
| 410 | 0 | @12001 @a缤纷装饰丛书 |
| 606 | 0 | @a住宅@x隔墙@x室内装饰@j图集 |
| 690 | @aTU241-64@v4 | |
| 701 | 0 | @a王君@Awang jun@4主编 |
| 702 | 0 | @a毛丹@Amao dan@4编著 |
| 801 | 0 | @aCN@bQSSK@c20091101 |
| 905 | @a10447@dTU241-64@eW2351 | |
| 隔断与艺术玻璃/王君主编/毛丹等编著.-郑州:中原农民出版社,2004.02 |
| 50页:彩图;29cm.-(缤纷装饰丛书) |
| ISBN 7-80641-711-7:CNY23.00 |
| 本册书把居室按空间功能划分为客厅、餐厅、客厅与餐厅、书房、卧室、厨房、卫浴间、走廊、仿古九大部分,并分别对这九大块的隔断从装饰设计的角度进行详细讲述。 |
| ● |
| 相关链接 |
|
|
|
正题名:隔断与艺术玻璃
索取号:TU241-64/W2351
 
预约/预借
| 序号 | 登录号 | 条形码 | 馆藏地/架位号 | 状态 | 备注 |
| 1 | 659380 | 206593809 | 建筑库101/101建筑库 61排7列4层/ [索取号:TU241-64/W2351] | 在馆 | |
| 2 | 659381 | 206593818 | 建筑与城市规划学院资料室/101建筑库 33排4列4层/ [索取号:TU241-64/W2351] | 在馆 | |
| 3 | 659382 | 206593827 | 建筑与城市规划学院资料室/101建筑库 33排4列4层/ [索取号:TU241-64/W2351] | 在馆 |